Las Normas NIIF ilustradas: normas emitidas a 1 de enero de 2018, incluyen cambios todavía no requeridos

Enregistré dans:
Détails bibliographiques
Format: Livre
Langue:espagnol
Publié: Londres IFRS 2018
Sujets:
Tags: Ajouter un tag
Pas de tags, Soyez le premier à ajouter un tag!

MARC

LEADER 00000cam a2200000 a 4500
001 UCC9591
003 CL-VaPUC
008 191010e20180000uk |||||||||||||||||spa|d
020 |a 9781911040859o.c 
020 |a 9781911040866v.1 
020 |a 9781911040873v.2 
020 |a 9781911040880v.3 
082 0 4 |a 657  |b NOR  |2 21 
245 1 4 |a Las Normas NIIF ilustradas: normas emitidas a 1 de enero de 2018, incluyen cambios todavía no requeridos 
300 |a 3 v 
942 |c BK 
945 |d 20191010 15:29:00  |a cmena 
260 |a Londres  |b IFRS  |c 2018 
500 |a v.1: Parte A: Normas emitidas y el marco conceptual para la información financiera 
500 |a v.2: Parte B: Guías complementarias y los documentos de práctica de las NIIF 
500 |a v.3: Parte C: Fundamentos de las conclusiones 
650 0 |a Contabilidad   |9 261430 
650 7 |a ESTADOS FINANCIEROS  |2 CL-VaPUC  |9 604712 
650 7 |a NORMAS INTERNACIONALES  |2 CL-VaPUC  |9 341712 
650 0 |a Normas internacionales de contabilidad  |9 533224 
583 |a last modification  |c 20191010 15:29:00  |k Rodrigo Vera 
999 |c 375740  |d 375738 
952 |0 0  |1 0  |3 erb  |4 0  |6 657_000000000000000_NOR_2018  |7 0  |8 R  |9 494785  |a BIBGIM  |b BIBGIM  |h v.1  |i 5563089  |l 2  |o 657 NOR 2018  |p 5563089  |r 2025-01-15  |s 2022-10-20  |w 2019-11-24  |y BK_R  |z Catalogado en:20191010  |k COM 
952 |0 0  |1 0  |3 erb  |4 0  |6 657_000000000000000_NOR_2018  |7 0  |8 R  |9 494786  |a BIBGIM  |b BIBGIM  |h v.3  |i 5563283  |o 657 NOR 2018  |p 5563283  |r 2025-01-15  |w 2019-11-24  |y BK_R  |z Catalogado en:20191010  |k COM